[Event "2. Bundesliga West 2015/16"]
[Site "Bludenz"]
[Date "2015.11.28"]
[Round "4"]
[Board "1"]
[White "Kessler, Luca"]
[Black "Nuber, Blasius"]
[Result "1-0"]
[WhiteElo "2324"]
[BlackElo "2349"]
[PlyCount "115"]
[EventDate "2015.10.16"]
[EventType "team"]
[EventRounds "11"]
[EventCountry "AUT"]
[WhiteTeam "Goetzis 2"]
[BlackTeam "SPG Voels/HAK/HAS Innsbruck"]

1. e4 e5 2. Nf3 Nc6 3. Bb5 a6 4. Ba4 Nf6 5. O-O Be7 6. Bxc6 dxc6 7. d3 Nd7 8.
b3 O-O 9. Bb2 Bd6 10. Nbd2 Qe7 11. Nc4 c5 12. Ne3 Re8 13. Nf5 Qd8 14. Nd2 Bf8
15. f4 g6 16. Qg4 Nf6 17. Qg5 Bxf5 18. exf5 Nd5 19. fxg6 hxg6 20. Qxd8 Raxd8
21. fxe5 Bg7 22. Nf3 Ne3 23. Rf2 Re7 24. Re1 Nd5 25. Re4 Rde8 26. Rfe2 Bh6 27.
g3 b6 28. a3 c6 29. Kg2 Kf8 30. h4 Kg8 31. Re1 b5 32. Kh3 Bg7 33. a4 Nb4 34.
R1e2 Rb7 35. Bc1 Rd7 36. Be3 Rd5 37. Bf2 Bh6 38. Nh2 Re6 39. Ng4 Bg7 40. Be1 a5
41. Bc3 Kf8 42. Nf6 Rd8 43. Nh7+ Kg8 44. Ng5 Re7 45. Rf2 Rde8 46. Rfe2 Rd8 47.
d4 Na2 48. Bb2 c4 49. bxc4 bxc4 50. c3 Rb7 51. Rc2 Rb3 52. Ree2 c5 53. dxc5
Rxb2 54. Rxb2 Nxc3 55. c6 Rc8 56. c7 Rxc7 57. Rb8+ Bf8 58. Rd2 1-0

[Event "2. Bundesliga West 2015/16"]
[Site "Bludenz"]
[Date "2015.11.28"]
[Round "4"]
[Board "2"]
[White "Wachinger, Guenther"]
[Black "Bilchinski, Anton"]
[Result "1/2-1/2"]
[WhiteElo "2233"]
[BlackElo "2260"]
[PlyCount "94"]
[EventDate "2015.10.16"]
[EventType "team"]
[EventRounds "11"]
[EventCountry "AUT"]
[WhiteTeam "SPG Voels/HAK/HAS Innsbruck"]
[BlackTeam "Goetzis 2"]

1. d4 f5 2. g3 Nf6 3. Bg2 g6 4. b4 Bg7 5. Bb2 O-O 6. c4 d6 7. Nf3 e5 8. dxe5
Nfd7 9. Nc3 dxe5 10. e4 a5 11. b5 Nb6 12. Nd2 Bh6 13. c5 Bxd2+ 14. Qxd2 Qxd2+
15. Kxd2 Nc4+ 16. Kc2 Nxb2 17. Kxb2 fxe4 18. Nxe4 Bd7 19. a4 c6 20. b6 Be6 21.
f3 Na6 22. Rhd1 Bd5 23. Bf1 Nb4 24. Be2 Bxe4 25. fxe4 Rad8 26. Kc3 Rd4 27. Bc4+
Kg7 28. Rf1 Rxe4 29. Rxf8 Kxf8 30. Rf1+ Ke8 31. Bf7+ Kd8 32. Bg8 Re3+ 33. Kd2
Rd3+ 34. Ke2 Rd7 35. Rf8+ Ke7 36. Rf7+ Ke8 37. Rxd7 Kxd7 38. Bxh7 Na6 39. Bxg6
Nxc5 40. Bc2 Ke7 41. Ke3 Nd7 42. Ke4 Nxb6 43. Kxe5 Nd7+ 44. Kd4 b5 45. axb5
cxb5 46. Bd3 b4 47. Bc2 Kf6 1/2-1/2

[Event "2. Bundesliga West 2015/16"]
[Site "Bludenz"]
[Date "2015.11.28"]
[Round "4"]
[Board "3"]
[White "Quintero Ortega, Carlos"]
[Black "Georgiev, Georgi"]
[Result "1/2-1/2"]
[WhiteElo "2190"]
[BlackElo "2107"]
[PlyCount "124"]
[EventDate "2015.10.16"]
[EventType "team"]
[EventRounds "11"]
[EventCountry "AUT"]
[WhiteTeam "Goetzis 2"]
[BlackTeam "SPG Voels/HAK/HAS Innsbruck"]

1. c4 Nf6 2. g3 g6 3. Bg2 Bg7 4. Nc3 O-O 5. e4 d6 6. Nge2 Nc6 7. O-O Bd7 8. h3
Rb8 9. d3 a6 10. a4 Qc8 11. Kh2 Nb4 12. f4 c5 13. a5 Ne8 14. g4 e6 15. Be3 f5
16. gxf5 exf5 17. Qd2 Qc7 18. Ng3 Nf6 19. e5 dxe5 20. fxe5 Qxe5 21. Bf4 Qd4 22.
Bxb8 Rxb8 23. Rad1 Bc6 24. Nge2 Qe5+ 25. Qf4 Qe8 26. Qf2 Qe5+ 27. Qg3 Qe8 28.
Nf4 Bxg2 29. Kxg2 Qc6+ 30. Qf3 Qxf3+ 31. Kxf3 Kf7 32. Na4 Bf8 33. Rfe1 Rd8 34.
Ne6 Rxd3+ 35. Rxd3 Nxd3 36. Re3 Nb4 37. Nxf8 Kxf8 38. Nxc5 Nc6 39. Nxb7 Ne4 40.
Ke2 Kf7 41. c5 Kf6 42. Kd3 g5 43. Kc4 Ke5 44. b4 Kf4 45. Re1 Nd2+ 46. Kc3 Ne4+
47. Kb3 Nd2+ 48. Ka4 Ne4 49. Nd6 Nd4 50. Nxe4 fxe4 51. c6 Nxc6 52. b5 axb5+ 53.
Kxb5 Nxa5 54. Kxa5 Kg3 55. Kb4 Kxh3 56. Rh1+ Kg2 57. Rxh7 g4 58. Kc4 g3 59. Kd4
Kf3 60. Rf7+ Ke2 61. Ra7 g2 62. Ra2+ Kf3 1/2-1/2

[Event "2. Bundesliga West 2015/16"]
[Site "Bludenz"]
[Date "2015.11.28"]
[Round "4"]
[Board "4"]
[White "Niedermeier, Thomas"]
[Black "Gauss, Gustav"]
[Result "1-0"]
[WhiteElo "2194"]
[BlackElo "2182"]
[PlyCount "63"]
[EventDate "2015.10.16"]
[EventType "team"]
[EventRounds "11"]
[EventCountry "AUT"]
[WhiteTeam "SPG Voels/HAK/HAS Innsbruck"]
[BlackTeam "Goetzis 2"]

1. e4 e6 2. d4 d5 3. Nc3 Nf6 4. Bg5 Bb4 5. e5 h6 6. Bd2 Bxc3 7. bxc3 Ne4 8. Qg4
Kf8 9. Bc1 c5 10. Bd3 h5 11. Qf4 g5 12. Qe3 Nxc3 13. dxc5 Ne4 14. Bxe4 dxe4 15.
Nh3 g4 16. Ng5 Nc6 17. Qf4 f5 18. exf6 e5 19. Qxe4 Qxf6 20. Nh7+ Rxh7 21. Qxh7
Nd4 22. Bh6+ Ke8 23. O-O Be6 24. Bg7 Qf7 25. Qh8+ Ke7 26. Qxa8 Bd5 27. Qf8+
Qxf8 28. Bxf8+ Kxf8 29. Rfe1 h4 30. Rxe5 Bc6 31. Rd1 Nxc2 32. Rd6 1-0

[Event "2. Bundesliga West 2015/16"]
[Site "Bludenz"]
[Date "2015.11.28"]
[Round "4"]
[Board "5"]
[White "Gretz, Denis"]
[Black "Sovago, Philipp"]
[Result "1-0"]
[WhiteElo "2073"]
[BlackElo "1917"]
[PlyCount "95"]
[EventDate "2015.10.16"]
[EventType "team"]
[EventRounds "11"]
[EventCountry "AUT"]
[WhiteTeam "Goetzis 2"]
[BlackTeam "SPG Voels/HAK/HAS Innsbruck"]

1. e4 c5 2. d4 b6 3. Nf3 Bb7 4. d5 Nf6 5. Nc3 d6 6. Bb5+ Nfd7 7. e5 a6 8. Bxd7+
Qxd7 9. O-O dxe5 10. Nxe5 Qf5 11. Re1 Nd7 12. Nc4 O-O-O 13. Rb1 b5 14. Ne3 Qf6
15. a4 b4 16. Ne4 Qd4 17. Ng5 Qf6 18. Nc4 h6 19. Ne4 Qf5 20. c3 Qxd5 21. Qb3 f5
22. Bf4 fxe4 23. cxb4 Qd3 24. Qa2 Bd5 25. Rbc1 Kb7 26. bxc5 Nxc5 27. Red1 Bxc4
28. Rxd3 Bxa2 29. Rxd8 g5 30. Rxc5 gxf4 31. Rcc8 e5 32. Rxf8 Rh7 33. Rfd8 Rg7
34. Rc5 f3 35. g3 Bb1 36. Kf1 Rg6 37. Rd7+ Kb6 38. b4 a5 39. Rxa5 Rc6 40. Rc5
Bd3+ 41. Ke1 Rg6 42. Rdc7 e3 43. a5+ Ka6 44. R7c6+ Rxc6 45. Rxc6+ Kb5 46. Rb6+
Kc4 47. fxe3 f2+ 48. Kxf2 1-0

[Event "2. Bundesliga West 2015/16"]
[Site "Bludenz"]
[Date "2015.11.28"]
[Round "4"]
[Board "6"]
[White "Irschick, Christoph"]
[Black "Kranz, Armin"]
[Result "0-1"]
[WhiteElo "2003"]
[BlackElo "2131"]
[PlyCount "90"]
[EventDate "2015.10.16"]
[EventType "team"]
[EventRounds "11"]
[EventCountry "AUT"]
[WhiteTeam "SPG Voels/HAK/HAS Innsbruck"]
[BlackTeam "Goetzis 2"]

1. c4 b6 2. Nc3 c5 3. e4 Bb7 4. Nge2 e6 5. g3 Nf6 6. Bg2 d6 7. O-O a6 8. d3 Nc6
9. a3 Be7 10. Rb1 Qc7 11. b4 Ne5 12. f4 Ned7 13. h3 h5 14. Be3 Rb8 15. Qd2 O-O
16. Rfc1 Rfe8 17. d4 cxd4 18. Nxd4 Rbc8 19. f5 Bf8 20. fxe6 fxe6 21. Nde2 Qxc4
22. Nd5 Nxe4 23. Rxc4 Nxd2 24. Rxc8 Rxc8 25. Bxd2 Bxd5 26. Bxd5 exd5 27. Nf4
Rc2 28. Rd1 Nf6 29. Be1 Ra2 30. Nxd5 Nxd5 31. Rxd5 g6 32. Rd3 b5 33. Bf2 Be7
34. Kg2 Kf7 35. Kf3 Ke6 36. Re3+ Kd7 37. Rd3 Bf6 38. Be3 Ke6 39. Ke4 Ra1 40.
Kf3 Bb2 41. Bd4 Rxa3 42. Rxa3 Bxa3 43. Bc3 Kd5 44. g4 Kc4 45. gxh5 gxh5 0-1

[Event "2. Bundesliga West 2015/16"]
[Site "Bludenz"]
[Date "2015.11.28"]
[Round "4"]
[Board "1"]
[White "Palac, Mladen"]
[Black "Graf, Felix"]
[Result "1/2-1/2"]
[WhiteElo "2581"]
[BlackElo "2478"]
[PlyCount "62"]
[EventDate "2015.10.16"]
[EventType "team"]
[EventRounds "11"]
[EventCountry "AUT"]
[WhiteTeam "Schwarzach"]
[BlackTeam "Bregenz"]

1. e4 e6 2. d4 d5 3. Nc3 Nf6 4. e5 Nfd7 5. f4 c5 6. Nf3 Be7 7. Be3 b6 8. Qd2
O-O 9. Nd1 cxd4 10. Nxd4 Bb7 11. Be2 Nc6 12. c3 Rc8 13. O-O a6 14. Nxc6 Rxc6
15. Bd4 Bc5 16. Bd3 f6 17. exf6 Qxf6 18. Ne3 Bxd4 19. cxd4 g6 20. Bc2 Qg7 21.
Ng4 Re8 22. Bb3 Nf6 23. Nxf6+ Qxf6 24. Rae1 a5 25. Re5 Ba6 26. Rfe1 Bc4 27. Qe3
Bxb3 28. axb3 Kg7 29. g3 Re7 30. Re2 Rc1+ 31. Kg2 Rc6 {Rest unleserlich.}
 1/2-1/2

[Event "2. Bundesliga West 2015/16"]
[Site "Bludenz"]
[Date "2015.11.28"]
[Round "4"]
[Board "2"]
[White "Jorczik, Julian"]
[Black "Biti, Ozren"]
[Result "1-0"]
[WhiteElo "2385"]
[BlackElo "2353"]
[PlyCount "79"]
[EventDate "2015.10.16"]
[EventType "team"]
[EventRounds "11"]
[EventCountry "AUT"]
[WhiteTeam "Bregenz"]
[BlackTeam "Schwarzach"]

1. d4 d6 2. Nf3 g6 3. g3 Bg7 4. Bg2 Nd7 5. O-O e5 6. e4 Ne7 7. Be3 O-O 8. Nc3
b6 9. Qd2 exd4 10. Nxd4 Ne5 11. Bg5 f6 12. Bh6 Bxh6 13. Qxh6 Rb8 14. Qd2 a6 15.
f4 Nc4 16. Qe2 Na5 17. Rad1 b5 18. e5 fxe5 19. fxe5 Rxf1+ 20. Rxf1 c5 21. Qf3
Bf5 22. Nxf5 gxf5 23. e6 Nac6 24. Ne2 Ne5 25. Qe3 Qf8 26. h3 Nc4 27. Qc1 Qg7
28. b3 Ne5 29. Kh2 b4 30. Qe3 Rf8 31. Rd1 Rd8 32. Nf4 Qh6 33. Qe2 a5 34. Qa6
Ng4+ 35. Kg1 Ne3 36. Rxd6 Qf8 37. Rd7 Nxc2 38. Qxa5 Rc8 39. Qa7 Re8 40. Qxc5
 1-0

[Event "2. Bundesliga West 2015/16"]
[Site "Bludenz"]
[Date "2015.11.28"]
[Round "4"]
[Board "3"]
[White "Roeberg, Frank"]
[Black "Weindl, Alfred"]
[Result "1/2-1/2"]
[WhiteElo "2249"]
[BlackElo "2331"]
[PlyCount "67"]
[EventDate "2015.10.16"]
[EventType "team"]
[EventRounds "11"]
[EventCountry "AUT"]
[WhiteTeam "Schwarzach"]
[BlackTeam "Bregenz"]

1. e4 c5 2. Nf3 Nc6 3. Nc3 d6 4. d4 cxd4 5. Nxd4 Nf6 6. Bg5 e6 7. Qd2 a6 8.
O-O-O Bd7 9. Be2 Be7 10. f4 O-O 11. Nb3 Rc8 12. Bf3 e5 13. f5 a5 14. Bxf6 Bxf6
15. Qxd6 Nd4 16. Nxd4 exd4 17. Nd5 Bg5+ 18. Kb1 Ba4 19. Qxd8 Bxc2+ 20. Ka1
Rfxd8 21. Rxd4 Kf8 22. Re1 Bf4 23. e5 Bg5 24. h4 Be7 25. Nxe7 Kxe7 26. f6+ gxf6
27. exf6+ Kxf6 28. Rf4+ Kg7 29. Bxb7 Rc7 30. Bf3 Bd1 31. Kb1 Bc2+ 32. Ka1 Bd1
33. Kb1 Bc2+ 34. Ka1 1/2-1/2

[Event "2. Bundesliga West 2015/16"]
[Site "Bludenz"]
[Date "2015.11.28"]
[Round "4"]
[Board "4"]
[White "Dobosz, Henryk"]
[Black "Ruecker, Benjamin"]
[Result "1/2-1/2"]
[WhiteElo "2389"]
[BlackElo "2269"]
[PlyCount "55"]
[EventDate "2015.10.16"]
[EventType "team"]
[EventRounds "11"]
[EventCountry "AUT"]
[WhiteTeam "Bregenz"]
[BlackTeam "Schwarzach"]

1. c4 c6 2. Nc3 d5 3. d4 Nf6 4. e3 Bf5 5. Nf3 e6 6. Bd3 Bg6 7. Ne5 Nbd7 8. Nxg6
hxg6 9. g3 Be7 10. a3 O-O 11. O-O Rc8 12. b4 b5 13. cxb5 cxb5 14. Qb3 a6 15. a4
a5 16. axb5 Bxb4 17. Na2 Bd6 18. Bd2 Ra8 19. Rfc1 e5 20. Nc3 Bb4 21. Rc2 exd4
22. exd4 Nb6 23. Na4 Bxd2 24. Rxd2 Nxa4 25. Qxa4 Re8 26. Rc2 Ne4 27. Bxe4 dxe4
28. Rd1 1/2-1/2

[Event "2. Bundesliga West 2015/16"]
[Site "Bludenz"]
[Date "2015.11.28"]
[Round "4"]
[Board "5"]
[White "Ljubic, Juro"]
[Black "Bezler, Rainer"]
[Result "1/2-1/2"]
[WhiteElo "2213"]
[BlackElo "2215"]
[PlyCount "59"]
[EventDate "2015.10.16"]
[EventType "team"]
[EventRounds "11"]
[EventCountry "AUT"]
[WhiteTeam "Schwarzach"]
[BlackTeam "Bregenz"]

1. e4 d6 2. d4 Nf6 3. Nc3 g6 4. Bg5 Bg7 5. Qd2 h6 6. Bh4 g5 7. Bg3 Nh5 8. O-O-O
Nc6 9. Qe3 e6 10. Be2 Nxg3 11. hxg3 Bd7 12. f4 Qf6 13. Nf3 O-O-O 14. e5 dxe5
15. dxe5 Qe7 16. Ne4 gxf4 17. gxf4 f6 18. exf6 Bxf6 19. Nxf6 Qxf6 20. Rh5 Kb8
21. Ne5 Be8 22. Rxd8+ Nxd8 23. Bf3 Rf8 24. g3 Rg8 25. Ng4 Rxg4 26. Bxg4 Bxh5
27. Bxh5 Nc6 28. Bg4 e5 29. fxe5 Nxe5 30. Be2 1/2-1/2

[Event "2. Bundesliga West 2015/16"]
[Site "Bludenz"]
[Date "2015.11.28"]
[Round "4"]
[Board "6"]
[White "Poettinger, Harald"]
[Black "Stoeckl, Norbert"]
[Result "1-0"]
[WhiteElo "2212"]
[BlackElo "2094"]
[PlyCount "55"]
[EventDate "2015.10.16"]
[EventType "team"]
[EventRounds "11"]
[EventCountry "AUT"]
[WhiteTeam "Bregenz"]
[BlackTeam "Schwarzach"]

1. c4 Nf6 2. g3 g6 3. Bg2 Bg7 4. Nc3 c6 5. e4 e5 6. Nge2 d6 7. O-O O-O 8. d4
Nbd7 9. h3 Qe7 10. Be3 Ne8 11. Qd2 f5 12. exf5 gxf5 13. f4 Ndf6 14. fxe5 dxe5
15. dxe5 Nh5 16. Kh2 Bxe5 17. Nf4 Nhg7 18. Rae1 Qf6 19. Bc5 Nd6 20. Rxe5 Nxc4
21. Bd5+ cxd5 22. Qxd5+ Rf7 23. Re7 Nb6 24. Qd8+ Rf8 25. Qd1 Ne6 26. Qb3 Nd7
27. Ba3 Rf7 28. Rxe6 1-0

[Event "2. Bundesliga West 2015/16"]
[Site "Bludenz"]
[Date "2015.11.28"]
[Round "4"]
[Board "1"]
[White "Durakovic, Alman"]
[Black "Studer, Noël"]
[Result "0-1"]
[WhiteElo "2314"]
[BlackElo "2405"]
[PlyCount "68"]
[EventDate "2015.10.16"]
[EventType "team"]
[EventRounds "11"]
[EventCountry "AUT"]
[WhiteTeam "SIR Bernhard 2"]
[BlackTeam "Hohenems II"]

1. d4 e6 2. c4 Nf6 3. Nc3 Bb4 4. Qc2 O-O 5. a3 Bxc3+ 6. Qxc3 d6 7. Bg5 Re8 8.
Nf3 Nbd7 9. e3 e5 10. Be2 Qe7 11. Qc2 h6 12. Bh4 Nf8 13. d5 a5 14. O-O a4 15.
Nd2 Ng6 16. Bg3 e4 17. b4 axb3 18. Nxb3 h5 19. h3 Bd7 20. Nd4 Ra5 21. Nb5 Bxb5
22. cxb5 h4 23. Bh2 Rea8 24. Qb3 Nd7 25. Rfc1 Nc5 26. Rxc5 dxc5 27. b6 Qf6 28.
Rd1 cxb6 29. d6 Rxa3 30. Qxb6 Ra1 31. Qxc5 Rxd1+ 32. Bxd1 Ra2 33. f4 exf3 34.
Bc2 f2+ 0-1

[Event "2. Bundesliga West 2015/16"]
[Site "Bludenz"]
[Date "2015.11.28"]
[Round "4"]
[Board "2"]
[White "Amann, Guenter"]
[Black "Pitl, Gregory"]
[Result "0-1"]
[WhiteElo "2347"]
[BlackElo "2387"]
[PlyCount "70"]
[EventDate "2015.10.16"]
[EventType "team"]
[EventRounds "11"]
[EventCountry "AUT"]
[WhiteTeam "Hohenems II"]
[BlackTeam "SIR Bernhard 2"]

1. d4 d5 2. Nf3 Nf6 3. c4 dxc4 4. Qa4+ c6 5. Qxc4 Bg4 6. Nbd2 Nbd7 7. g3 e6 8.
Bg2 Rc8 9. O-O b5 10. Qb3 Be7 11. a4 b4 12. Nc4 O-O 13. Bf4 c5 14. Rfd1 Nd5 15.
Bd6 cxd4 16. Rxd4 Bxd6 17. Nxd6 Nc5 18. Qd1 Bxf3 19. Bxf3 Qxd6 20. e4 Nxe4 21.
Bxe4 Rfd8 22. Qd3 g6 23. Rd1 Qe5 24. Qb3 Rc1 25. Rxc1 Qxd4 26. Bf3 a5 27. Rc4
Qd2 28. Rc5 Nf6 29. Rxa5 Rd3 30. Qc4 Rxf3 31. Qc5 Nd7 32. Ra8+ Kg7 33. Qa7 Ne5
34. Qc5 Qd1+ 35. Kg2 Rxf2+ 0-1

[Event "2. Bundesliga West 2015/16"]
[Site "Bludenz"]
[Date "2015.11.28"]
[Round "4"]
[Board "3"]
[White "Velickovic, Zoran"]
[Black "Burschowsky, Matthias"]
[Result "1-0"]
[WhiteElo "2398"]
[BlackElo "2208"]
[PlyCount "99"]
[EventDate "2015.10.16"]
[EventType "team"]
[EventRounds "11"]
[EventCountry "AUT"]
[WhiteTeam "SIR Bernhard 2"]
[BlackTeam "Hohenems II"]

1. c4 Nf6 2. g3 g6 3. Bg2 c5 4. Nc3 Bg7 5. Nf3 O-O 6. d4 cxd4 7. Nxd4 Nc6 8.
O-O Nxd4 9. Qxd4 d6 10. Qd3 Ng4 11. Nd5 Be6 12. Bg5 Bxd5 13. Bxd5 Rb8 14. Qb3
Qc7 15. Rac1 Nf6 16. Bg2 Qa5 17. Bf4 Rfc8 18. a3 g5 19. Be3 Ng4 20. Bh3 Nxe3
21. Qxe3 e6 22. b4 Qe5 23. Qxa7 Qxe2 24. Rfe1 Qd2 25. Red1 Qb2 26. Qe3 Qe5 27.
Qd3 Bf8 28. Re1 Qf6 29. Rcd1 b5 30. Re4 Ra8 31. Rc1 d5 32. Rg4 h5 33. Rd4 Bg7
34. Rxd5 exd5 35. Bxc8 Rxc8 36. c5 Qc6 37. Qf5 Bf6 38. a4 Kg7 39. axb5 Qe6 40.
Qxe6 fxe6 41. b6 Bd8 42. b7 Rb8 43. c6 Bc7 44. b5 Kf6 45. Rb1 Ke5 46. b6 Kd6
47. bxc7 Kxc7 48. Rc1 g4 49. Kf1 Rf8 50. Ra1 1-0

[Event "2. Bundesliga West 2015/16"]
[Site "Bludenz"]
[Date "2015.11.28"]
[Round "4"]
[Board "4"]
[White "Gaertner, Guntram"]
[Black "Wieneroiter, Gerald"]
[Result "1/2-1/2"]
[WhiteElo "2226"]
[BlackElo "2140"]
[PlyCount "103"]
[EventDate "2015.10.16"]
[EventType "team"]
[EventRounds "11"]
[EventCountry "AUT"]
[WhiteTeam "Hohenems II"]
[BlackTeam "SIR Bernhard 2"]

1. d4 d5 2. c4 c6 3. cxd5 cxd5 4. Nc3 Nf6 5. Nf3 Nc6 6. Bf4 Bf5 7. e3 e6 8. Qb3
Bb4 9. Be2 O-O 10. O-O Rc8 11. Rac1 Bxc3 12. bxc3 Na5 13. Qb4 Ne4 14. c4 dxc4
15. Bxc4 Nxc4 16. Rxc4 Rxc4 17. Qxc4 g5 18. Bc7 Qd5 19. Qxd5 exd5 20. Ba5 Rc8
21. Ra1 Rc2 22. Be1 f6 23. h3 Bd7 24. a4 Kf7 25. a5 Bb5 26. Rb1 Ba6 27. Ra1 Ke6
28. Nh2 h5 29. f3 Nd6 30. h4 Nf5 31. hxg5 Nxe3 32. Bf2 Re2 33. gxf6 Kxf6 34.
Re1 Rxe1+ 35. Bxe1 Nc2 36. Bc3 Kg5 37. Kf2 b5 38. axb6 axb6 39. g4 b5 40. gxh5
b4 41. Bb2 Bc4 42. Ng4 Kxh5 43. Ne3 Na3 44. f4 Nb5 45. Nc2 b3 46. Ne3 Nd6 47.
Kf3 Kg6 48. Ng4 Kf5 49. Ne3+ Ke6 50. f5+ Nxf5 51. Nxf5 Kxf5 52. Ke3 1/2-1/2

[Event "2. Bundesliga West 2015/16"]
[Site "Bludenz"]
[Date "2015.11.28"]
[Round "4"]
[Board "5"]
[White "Prodinger, Johannes"]
[Black "Atlas, Dmitry"]
[Result "0-1"]
[WhiteElo "1911"]
[BlackElo "2220"]
[PlyCount "46"]
[EventDate "2015.10.16"]
[EventType "team"]
[EventRounds "11"]
[EventCountry "AUT"]
[WhiteTeam "SIR Bernhard 2"]
[BlackTeam "Hohenems II"]

1. d4 d5 2. c4 c6 3. Nf3 e6 4. Nc3 Nf6 5. e3 Nbd7 6. Qc2 Bd6 7. Bd3 dxc4 8.
Bxc4 b5 9. Be2 Bb7 10. O-O O-O 11. Rd1 Qe7 12. e4 e5 13. Nh4 g6 14. Bg5 b4 15.
dxe5 Bxe5 16. Na4 c5 17. Bb5 Bxe4 18. Rxd7 Qxd7 19. Qxc5 Qd5 20. Re1 Rad8 21.
Qxd5 Rxd5 22. Bxf6 Bxf6 23. Rxe4 Rxb5 0-1

[Event "2. Bundesliga West 2015/16"]
[Site "Bludenz"]
[Date "2015.11.28"]
[Round "4"]
[Board "6"]
[White "Hofer, Emilian"]
[Black "Jakob, Tobias"]
[Result "0-1"]
[WhiteElo "2219"]
[BlackElo "1883"]
[PlyCount "82"]
[EventDate "2015.10.16"]
[EventType "team"]
[EventRounds "11"]
[EventCountry "AUT"]
[WhiteTeam "Hohenems II"]
[BlackTeam "SIR Bernhard 2"]

1. e4 c5 2. Nf3 Nc6 3. d4 cxd4 4. Nxd4 e5 5. Nb5 a6 6. Nd6+ Bxd6 7. Qxd6 Qf6 8.
Qd1 Qg6 9. Nc3 d5 10. Nxd5 Qxe4+ 11. Be3 Nd4 12. Nc7+ Ke7 13. Rc1 Bg4 14. Qd3
Qxd3 15. Bxd3 Rd8 16. c4 Nf6 17. h3 Bh5 18. g4 Bg6 19. Bxg6 hxg6 20. g5 Ne4 21.
Nd5+ Ke6 22. Bxd4 exd4 23. Rg1 Kf5 24. Ne7+ Ke6 25. Nd5 Kf5 26. Ne7+ Ke5 27. f3
Nc5 28. Kd2 Rxh3 29. Rce1+ Kd6 30. Rg2 Rdh8 31. b4 Ne6 32. Nd5 Rxf3 33. Nb6 Nf4
34. c5+ Kc6 35. Rg4 Rh2+ 36. Kd1 Rff2 37. Nc4 Rxa2 38. Na5+ Kb5 39. Nb3 Kxb4
40. Rxf4 Kxb3 41. Rf3+ Kc4 0-1

[Event "2. Bundesliga West 2015/16"]
[Site "Bludenz"]
[Date "2015.11.28"]
[Round "4"]
[Board "1"]
[White "Doskocil, Klaus"]
[Black "Besner, Bernhard"]
[Result "1/2-1/2"]
[WhiteElo "2251"]
[BlackElo "2211"]
[PlyCount "106"]
[EventDate "2015.10.16"]
[EventType "team"]
[EventRounds "11"]
[EventCountry "AUT"]
[WhiteTeam "Pradl"]
[BlackTeam "ASK Salzburg"]

1. e4 d5 2. exd5 Qxd5 3. Nc3 Qa5 4. Bc4 Nf6 5. Nf3 Bg4 6. h3 Qh5 7. Be2 e6 8.
d4 Nc6 9. Be3 O-O-O 10. O-O Bd6 11. hxg4 Nxg4 12. Re1 f5 13. Bc4 Rhe8 14. Bg5
Bh2+ 15. Kf1 Bg3 16. fxg3 Qh1+ 17. Ng1 Nxd4 18. Be2 Rf8 19. Bxd8 Ne3+ 20. Kf2
f4 21. Bf3 Nxd1+ 22. Raxd1 fxg3+ 23. Kxg3 Rxd8 24. Nh3 Nf5+ 25. Kf2 Rxd1 26.
Nxd1 Qh2 27. Rxe6 Qg3+ 28. Kf1 Kd7 29. Re4 Qd6 30. Bg4 g6 31. Bxf5+ gxf5 32.
Re1 Qa6+ 33. Re2 Qxa2 34. Rd2+ Kc8 35. Nf4 Qc4+ 36. Nd3 Qh4 37. Rf2 Qh1+ 38.
Ke2 b6 39. Ne3 Qh5+ 40. Kd2 Kb7 41. Rxf5 Qg6 42. g4 a5 43. b3 Qd6 44. Rh5 Qg6
45. Ke2 Qg7 46. Kf3 Qf7+ 47. Nf4 Qg7 48. Rf5 Ka6 49. Ne6 Qc3 50. Ng5 Qc6+ 51.
Ne4 Qh6 52. Rh5 Qg6 53. Nf5 Qc6 1/2-1/2

[Event "2. Bundesliga West 2015/16"]
[Site "Bludenz"]
[Date "2015.11.28"]
[Round "4"]
[Board "2"]
[White "Roth, Peter"]
[Black "Sucher, Johannes"]
[Result "1-0"]
[WhiteElo "2119"]
[BlackElo "2169"]
[PlyCount "57"]
[EventDate "2015.10.16"]
[EventType "team"]
[EventRounds "11"]
[EventCountry "AUT"]
[WhiteTeam "ASK Salzburg"]
[BlackTeam "Pradl"]

1. e4 e5 2. Nf3 Nc6 3. Bc4 Nf6 4. d3 d5 5. exd5 Nxd5 6. O-O Be7 7. Re1 Bg4 8.
h3 Bh5 9. g4 Bg6 10. Nxe5 Nxe5 11. Rxe5 Nb6 12. Qe2 Nxc4 13. dxc4 Kf8 14. Rd5
Bd6 15. Bf4 h5 16. Nc3 hxg4 17. Bxd6+ cxd6 18. Qxg4 Rh4 19. Qg3 Rxc4 20. Rxd6
Qc8 21. Rad1 Bxc2 22. R1d2 Bf5 23. Qg5 f6 24. Rd8+ Qxd8 25. Rxd8+ Rxd8 26. Qxf5
Rd2 27. Qb5 Rf4 28. Qxb7 Rfxf2 29. Qb8+ 1-0

[Event "2. Bundesliga West 2015/16"]
[Site "Bludenz"]
[Date "2015.11.28"]
[Round "4"]
[Board "3"]
[White "Matt, Stefan"]
[Black "Juergens, Klaus"]
[Result "1-0"]
[WhiteElo "2094"]
[BlackElo "2161"]
[PlyCount "75"]
[EventDate "2015.10.16"]
[EventType "team"]
[EventRounds "11"]
[EventCountry "AUT"]
[WhiteTeam "Pradl"]
[BlackTeam "ASK Salzburg"]

1. b3 e5 2. Bb2 d6 3. e3 Nf6 4. d4 Nc6 5. dxe5 Nxe5 6. Nf3 Ng6 7. c4 Be7 8. Nc3
c6 9. h3 O-O 10. Qc2 Qa5 11. O-O-O a6 12. g4 b5 13. g5 Nd7 14. Nd4 Bxg5 15. Ne4
Bf6 16. Nf5 Bxb2+ 17. Qxb2 Nde5 18. Nexd6 Bxf5 19. Nxf5 f6 20. f4 Nf7 21. c5
Qb4 22. Qc2 a5 23. Rd4 Qa3+ 24. Kb1 Rfd8 25. Bg2 a4 26. Rhd1 Rxd4 27. Nxd4 axb3
28. Nxb3 Ne7 29. Rd2 g6 30. Qb2 Qxb2+ 31. Kxb2 Nf5 32. Bxc6 Rb8 33. Rd3 Nd8 34.
Bd7 Ne7 35. Rd6 Kf7 36. c6 Ra8 37. c7 Nb7 38. Rb6 1-0

[Event "2. Bundesliga West 2015/16"]
[Site "Bludenz"]
[Date "2015.11.28"]
[Round "4"]
[Board "4"]
[White "Loeffler, Christoph"]
[Black "Praxmarer, Christian"]
[Result "1-0"]
[WhiteElo "2159"]
[BlackElo "1992"]
[PlyCount "87"]
[EventDate "2015.10.16"]
[EventType "team"]
[EventRounds "11"]
[EventCountry "AUT"]
[WhiteTeam "ASK Salzburg"]
[BlackTeam "Pradl"]

1. e4 e6 2. d4 d5 3. e5 c5 4. Qg4 Nc6 5. Nf3 cxd4 6. Bd3 Bd7 7. O-O Qc7 8. Re1
Nge7 9. a3 Ng6 10. Qg3 f5 11. h4 O-O-O 12. h5 Nge7 13. Ng5 Re8 14. Nf7 Rg8 15.
Nd6+ Kb8 16. Nxe8 Bxe8 17. b4 Bxh5 18. b5 Nd8 19. Qh4 Be8 20. Qxd4 g5 21. a4
Nf7 22. a5 Nc8 23. Qc3 Qxc3 24. Nxc3 Ne7 25. Na4 Ng6 26. Bb2 Bd7 27. Bxf5 Nf4
28. Bxh7 Rh8 29. Bd3 Nxd3 30. cxd3 Bxb5 31. d4 g4 32. Nc3 Bc4 33. Nd1 Rh4 34.
Ba3 Bh6 35. Ne3 g3 36. Nxc4 gxf2+ 37. Kxf2 dxc4 38. d5 Bd2 39. Re2 Rf4+ 40. Kg3
Rd4 41. dxe6 Bf4+ 42. Kf2 Nh6 43. e7 Ng4+ 44. Kg1 1-0

[Event "2. Bundesliga West 2015/16"]
[Site "Bludenz"]
[Date "2015.11.28"]
[Round "4"]
[Board "5"]
[White "Niedermair, Hannes"]
[Black "Herrmann, Michael"]
[Result "1-0"]
[WhiteElo "1990"]
[BlackElo "2103"]
[PlyCount "79"]
[EventDate "2015.10.16"]
[EventType "team"]
[EventRounds "11"]
[EventCountry "AUT"]
[WhiteTeam "Pradl"]
[BlackTeam "ASK Salzburg"]

1. Nf3 d5 2. g3 Nf6 3. Bg2 Bf5 4. d3 h6 5. O-O e6 6. Nbd2 Be7 7. Qe1 O-O 8. e4
Bh7 9. Qe2 c5 10. Re1 Nc6 11. c3 Rc8 12. h4 Re8 13. Nh2 b5 14. e5 Nd7 15. Ndf3
d4 16. Bf4 Nb6 17. Ng4 dxc3 18. bxc3 Qxd3 19. Qxd3 Bxd3 20. Red1 Red8 21. Ne1
Be2 22. Rxd8+ Bxd8 23. Nh2 g5 24. hxg5 hxg5 25. Bxc6 Rxc6 26. Bc1 Na4 27. Bd2
Kg7 28. Rc1 Kg6 29. f3 Bc4 30. a3 Rc7 31. Ng4 Rd7 32. Be3 a6 33. Nf2 Kf5 34. f4
gxf4 35. gxf4 Ba5 36. Nf3 Kg6 37. Ne4 Bd5 38. Nf6 Rd8 39. Kf2 Bxf3 40. Rg1+ 1-0